000
00280nam a22001097a 4500
082
_a
355/FRA
100
_a
Francis,j.
_9
84005
245
_a
Indian army chronicles of bravery awards
260
_a
New Delhi
_b
Vij books india pvt ltd
_c
2022
650
_a
Military science
942
_c
BK
999
_c
69021
_d
69021